=LDR 00000nam 2200000 4500 =001 INLIS000000000034134 =005 20130612140041 =008 ***********************************Ind** =035 ##$$a0010-061300000034134 =041 ##$$a Ind =082 ##$$a 808.02 =090 ##$$a 808.02, Fis m =100 ##$$a Fishman, Roland =245 ##$$a Menulis itu genius naehat-nasehat kreatif buat para calon penulis top, Roland Fishman =260 ##$$a 2010 $b Jogyakarta =300 ##$$a 264 hlm, =650 ##$$aa15 cm =850 ##$$a Menulis =990 ##$$a 93160/BPAP-NTB/2014